Nhà văn dân tộc thiểu số Việt Nam - Đời và văn

সংরক্ষণ করুন:
গ্রন্থ-পঞ্জীর বিবরন
বিন্যাস: গ্রন্থ
ভাষা:Undetermined
প্রকাশিত: Hà Nội Hội nhà văn 2018
বিষয়গুলি:
ট্যাগগুলো: ট্যাগ যুক্ত করুন
কোনো ট্যাগ নেই, প্রথমজন হিসাবে ট্যাগ করুন!
Thư viện lưu trữ: Trung tâm Học liệu Trường Đại học Cần Thơ
LEADER 00611nam a2200181Ia 4500
001 CTU_232867
008 210402s9999 xx 000 0 und d
082 |a 895.92209 
082 |b Nh100/Q.2 
245 0 |a Nhà văn dân tộc thiểu số Việt Nam - Đời và văn 
245 0 |c Hà Lý ... [et al.] 
260 |a Hà Nội 
260 |b Hội nhà văn 
260 |c 2018 
650 |a Văn học Việt Nam,Vietnamese literature 
650 |x Lịch sử và phê bình,History and criticism 
910 |b nthai 
980 |a Trung tâm Học liệu Trường Đại học Cần Thơ